Responses for Show #4426 - Monday, December 1, 2003

Game data retrieved from an alternate archive.

Contestants

[<< previous game]

Jim Wilson, a high school teacher from Midlothian, Virginia

Benni Adkins, a school lunch lady from Glenpool, Oklahoma

Kathy Chappell, a writer from Burke, Virginia (whose 2-day cash winnings total $10,800)

[next game >>]

Jeopardy! Round responses

BELOVED POEMS
CLASSIC SITCOM EPISODES
FRUITS & VEGETABLES
WHAT WOULD WE DO WITHOUT...
REMEMBER THE 1980s?
3 LITTLE WORDS
    $200 21
England

Benni
    $200 2
Hogan's Heroes

Jim
    $200 16
(Alex: They don't have [*]. Fun to chew on.)

shells

Triple Stumper
    $200 26
wheels

Jim
    $200 1
Hitler

Benni
    $200 11
"tell a lie"

Jim
    $400 22
rain must fall

Kathy
    $400 4
All in the Family

Benni
    $400 17
tomatoes

Kathy
    $400 27
disposable cameras

Benni
    $400 3
Vanessa Williams

Benni
    $1,000 12
"fear of God"

Jim
    $600 23
Four Weddings and a Funeral

Benni
    $600 5
The Flying Nun

Benni
    $600 18
white

Kathy
    $600 28
Velcro

Benni
    $600 8
(Alex: And that's [*]. Funny guy.)

Bill Murray

Triple Stumper
    $600 13
bumper-to-bumper (or stop-and-go)

Kathy
    $800 24
(Jim: What is The Song of Hiawatha?)

soul

Jim
Triple Stumper
    $800 6
Leave it to Beaver

Benni
    $800 19
brandy

Triple Stumper
    $800 29
a kicking tee

Benni
    $800 9
Donna Rice

Triple Stumper
    $800 14
"Give 'em Hell"

Jim
    $1000 25
(Benni: What is "spare this tree"?)
...
(Alex: Minute to go.)

spare that tree

Benni
Triple Stumper
    $1000 7
(Alex: Benni, you mean to tell me you didn't watch [*]?)
[Laughter]

Barney Miller

Triple Stumper
    $1000 20
the McIntosh

Triple Stumper
    $1000 30
a can opener

Kathy
    $1000 10
David Stockman

Triple Stumper
    $1000 15
"on the take"

Benni

Scores at the first commercial break (after clue 15):

Kathy Benni Jim
$600 $3,400 $2,200

Scores at the end of the Jeopardy! Round:

Kathy Benni Jim
$3,000 $5,000 $1,600

Double Jeopardy! Round responses

19th CENTURY PEOPLE
SPORTS & MUSIC
WOULD YOU LIKE SOME GUAM?
CAR NAMES
NOTHING BUT TIME
ON MY "HAND"s
    $400 1
Boss Tweed

Kathy
    $400 21
"O Canada"

Kathy
    $400 26
begins

Jim
    $400 7
Century

Kathy
    $400 2
turn it over

Kathy
    $400 8
a handbag

Kathy
    $800 17
(Jim: Who is Antoinette?)

Josephine

KathyJim
    $800 22
(Kathy: What is arms?)

the post

KathyBenni
    $800 27
Japan

Kathy
    $800 13
Pontiac

Kathy
    $800 3
12

Kathy
    $800 9
Handel

Kathy
    $1200 18
Lewis & Clark

Benni
    $1200 23
Pele

Triple Stumper
    $1200 28
Magellan

Benni
    $1200 14
Golf

Kathy
    $1200 4
(Jim: What is a circle?)

the sun

KathyJim
    $1200 10
hand grenade

Benni
    $2,000 19
(Benni: Who is Bram Stoker?)

Lord Byron

Benni
    $1600 24
"Rock and Roll Part 2"

Jim
    $1,000 29
the Spanish-American War

Benni
    $1600 15
Escort

Triple Stumper
    $1600 5
flowers

Benni
    $1600 11
a handmaiden

Benni
    $2000 20
Winfield Scott

Kathy
    $2000 25
the Chicago Bears

Jim
    $2000 30
the Marianas

Benni
    $2000 16
Seville

Triple Stumper
    $2000 6
caesium

Triple Stumper
    $2000 12
a handicapper

Benni

Scores at the end of the Double Jeopardy! Round:

Kathy Benni Jim
$12,600 $15,600 $3,600

[wagering suggestions for these scores]

Final Jeopardy! Round responses

BEST PICTURE OSCAR WINNERS
JimWhat are __
$0
KathyWhat are ?
$0
BenniWhat are English Patient & American in Paris
$5,000
(2 of) The English Patient, An American in Paris, The French Connection & American Beauty

Final scores:

Kathy Benni Jim
$12,600 $20,600 $3,600
2nd place: $2,000 New champion: $20,600 3rd place: $1,000

Game dynamics:

Coryat scores:

Kathy Benni Jim
$12,600 $18,200 $3,000
18 R,
1 W
20 R
(including 1 DD),
2 W
(including 1 DD)
8 R
(including 1 DD),
3 W

Combined Coryat: $33,800

[game clues] [game scores] [suggest correction]

Game tape date: 2003-09-03
The J! Archive is created by fans, for fans. Scraping, republication, monetization, and malicious use prohibited; this site may use cookies and collect identifying information. See terms. The Jeopardy! game show and all elements thereof, including but not limited to copyright and trademark thereto, are the property of Jeopardy Productions, Inc. and are protected under law. This website is not affiliated with, sponsored by, or operated by Jeopardy Productions, Inc. Join the discussion at JBoard.tv.